000 00986nam a2200253 i 4500
001 bg
100 1 _aTURKOWSKI, Mateusz
245 1 0 _aOptymalizacja właściwości metrologicznych oraz rozwiązań konstrukcyjno-technologicznych przepływomierzy z oscylatorem mechanicznym /
_cMateusz Turkowski.
260 _aWarszawa :
_bOficyna Wydawnicza PW,
_c2003.
300 _a108 s. :
_bil. ;
_c24 cm.
490 1 _aPrace Naukowe. Mechanika,
_x0137-2335 ;
_vz. 199
500 _aOpis wg okł. - W nagł. odmienny tyt. serii: Prace Naukowe Politechniki Warszawskiej. - Streszcz. ang.
500 _aPrace Naukowe Politechniki Warszawskiej.
504 _aBibliogr.
650 9 _aPrzepływomierz
_xbadanie
650 9 _aPrzepływ
_xpomiary
_xurządzenia
650 9 _aModele matematyczne
_xstosowanie
830 _aPrace Naukowe. Mechanika,
_x0137-2335 ;
040 _cBPK
041 0 _apol
_beng
080 _a681.12:532:519.8
942 _cKS
008 s pl f |000 0 pol
999 _c42864
_d42864
856 _uhttp://koha.tu.koszalin.pl/cgi-bin/koha/opac-detail.pl?biblionumber=42864
_yKatalog online BPK